000 00286nam a2200109 a 4500
001 4144
005 20140414131943.0
008 090317s19uu xx 00 eng d
050 _aTR 372.7
_bM42 2007
245 _aMath :
_bnumbers & counting, addition subtraction, money.
999 _c112636
_d112636